00762cam a22002411 4500001001300000003000400013005001700017008004100034010001700075035002000092040002100112043001200133050001700145100003700162245008700199260004300286300002300329500007400352504003000426650002000456740002700476999001700503ne 68000266 DLC20260227111837.0881221s1967 iq b 000 0 ara  ane 68000266  a(OCoLC)18935302 aDLCcCUdCUdDLC aa-iq---00aR644.I7bA651 aʻAlwachī, ʻAbd al-Ḥamīd.10aTārīkh al-ṭibb al-ʻIrāqī,ctaʼlīf ʻAbd al-Ḥamīd al-ʻAlwachī. aBaghdād,bMaṭbaʻat Asʻad,c1967. a28, 628 p.c25 cm. aAdded t. p.: History of medicine in Iraq, by Abdul Hameed al-Alouchi. aBibliography: p. 546-556. 0aMedicinezIraq.0 aṬibb al-ʻIrāqī. c49982d49982